[Event "NED-ch56 sf"]
[Site "Leeuwarden"]
[Date "2001.02.11"]
[Round "1.2"]
[White "Van Mil, Johan"]
[Black "Van Wessel, Rudy"]
[Result "1/2-1/2"]
[WhiteElo "2421"]
[BlackElo "2316"]
[PlyCount "102"]
[EventDate "2001.02.10"]
[EventType "k.o."]
[EventRounds "3"]
[EventCountry "NED"]
[SourceTitle "CBM 080 Extra"]
[Source "ChessBase"]
[SourceDate "2001.03.08"]
[SourceVersion "1"]
[SourceVersionDate "2001.03.08"]
[SourceQuality "1"]

1. e4 e5 2. Nf3 Nc6 3. Bc4 Nf6 4. d3 Bc5 5. c3 d6 6. Bb3 a6 7. h3 Ba7 8. Nbd2 0-0 9. 0-0 Ne7 10. Re1 Ng6 11. Nf1 c6 12. Ng3 Re8 13. d4 h6 14. Bc2 Qc7 15. Be3 Nf4 16. Nh2 c5 17. dxe5 dxe5 18. Ng4 Bxg4 19. hxg4 Rad8 20. Qf3 Nh7 21. Nh5 Ng5 22. Qg3 Bb8 23. Kf1 Qb6 24. b3 Qa5 25. Nxf4 exf4 26. Bxf4 Bxf4 27. Qxf4 Qxc3 28. Rac1 Ne6 29. Qe3 Qe5 30. g3 Rd4 31. f4 Qd6 32. e5 Qc6 33. Be4 Qb5+ 34. Kf2 Red8 35. Re2 b6 36. g5 Rd1 37. Rxd1 Rxd1 38. gxh6 gxh6 39. Re1 Qd7 40. Rxd1 Qxd1 41. Qd3 Qc1 42. Qxa6 Qd2+ 43. Qe2 Qd4+ 44. Qe3 Qa1 45. Qd2 Kg7 46. Kg2 b5 47. Qe2 Qd4 48. Bd3 b4 49. Bc4 Nf8 50. Qg4+ Ng6 51. Qf5 Nh8 1/2-1/2